02486nam a22002537a 450000500170000000800410001702000180005804000180007608200190009410000390011324500800015225000120023226000460024430000290029050005900031950408940090950500560180365000520185965000420191165000350195394200270198899900190201595201980203420260305163058.0260218b |||||||| |||| 00| 0 eng d a9788126569182 cAIMIT LIBRARY 21a657.3bFAID aFairhurst, Danielle Stein.9255438 aFinancial modeling in excel :bfor dummies /cBy Fairhurst, Danielle Stein. a1st ed. aNew Delhi :bWiley India Pvt Ltd ,c2024. axi,314 p.;bPBc23.7 cm. aFinancial Modeling in Excel For Dummies is your comprehensive guide to learning how to create informative, enlightening financial models today. Not a math whiz or an Excel power-user? No problem! All you need is a basic understanding of Excel to start building simple models with practical hands-on exercises and before you know it, you'll be modeling your way to optimized profits for your business in no time. Excel is powerful, user-friendly, and is most likely already installed on your computer—which is why it has so readily become the most popular financial modeling software. aIntroduction Part 1: Getting Started with Financial Modeling Chapter 1: Introducing Financial Modeling Chapter 2: Getting Acquainted with Excel Chapter 3: Planning and Designing Your Financial Model Chapter 4: Building a Financial Model by the Rulebook Chapter 5: Using Someone Else's Financial Model Part 2: Diving Deep into Excel Chapter 6: Excel Tools and Techniques for Financial Modeling Chapter 7: Using Functions in Excel Chapter 8: Applying Scenarios to Your Financial Model Chapter 9: Charting and Presenting Model Output Part 3: Building Your Financial Model Chapter 10: Building an Integrated Financial Statements Model Chapter 11: Building a Discounted Cash Flow Valuation Chapter 12: Budgeting for Capital Expenditure and Depreciation Part 4: The Part of Tens Chapter 13: Ten Strategies for Reducing Error Chapter 14: Ten Common Pitfalls to? Avoid Index rAbout the Author Danielle Stein Fairhurst (Sydney  aGetting started with financial modeling9255439 aBuilding your financial model9255440 aDiving deep into excel9255441 2ddccBKe1k657.3 FAID c240914d240914 00102ddc40708MBAaAIMITbAIMITcFSAd2026-02-02eSK Publishers & Distributorsg689.00iBill.no:SKP4043;Bill.dt:2026/2/2l0o657.3 FAIDpMBA15253r2026-05-23 00:00:00v516.75w2026-02-18yBK